000 00758nam a2200229 u 4500
005 20240910064414.0
008 100215s2005 es r 000 0 spa d
020 _a8480637722
035 _aUPN01000174710
049 _aCG
050 4 _aLB1060
_bK4.6
100 1 _aKerry, Trevor
245 1 0 _aObjetivos de aprendizaje, asignación de tareas y diversificación /
_cTrevor Kerry ; tr. de Susana Fidalgo Vallejo.
260 _aBarcelona, Esp. :
_bOctaedro,
_c2005.
300 _a201 p.
440 0 _aBiblioteca latinoamericana ;
_v19
534 _pTraducción de:
_tLearning objetives, task setting and differentiation
650 4 _aAprendizaje
_92861
650 4 _aProceso enseñanza-aprendizaje
_942
650 4 _aAprendizaje
_92861
905 _aLibro
999 _c146814
_d146814